| 000 | 00988cam a22003253a 4500 | ||
|---|---|---|---|
| 001 | 175 | ||
| 003 | PGUSA | ||
| 005 | 20140828082945.0 | ||
| 008 | 941001s1994||||xxu|||||s|||||000 1 eng d | ||
| 040 |
_aPGUSA _beng |
||
| 042 | _adc | ||
| 050 | 4 | _aPQ | |
| 100 | 1 |
_aLeroux, Gaston, _d1868-1927 |
|
| 245 | 1 | 4 |
_aThe Phantom of the Opera _h[electronic resource] / _cGaston Leroux |
| 260 |
_bProject Gutenberg, _c1994 |
||
| 500 | _aTranslation of Fantome de l'Opera. | ||
| 506 | _aPublic domain in the USA. | ||
| 516 | _aElectronic text | ||
| 653 | _aFrench fiction -- Translations into English | ||
| 653 | _aParis (France) -- Fiction | ||
| 653 | _aComposers -- Fiction | ||
| 653 | _aHorror tales | ||
| 653 | _aOpera -- Fiction | ||
| 653 | _aPhantom of the Opera (Fictitious character) -- Fiction | ||
| 653 | _aMusical fiction | ||
| 740 | 0 | _aFantôme de l'Opéra. English | |
| 830 | 0 |
_aProject Gutenberg _v175 |
|
| 856 | 4 | 0 | _uhttp://www.gutenberg.org/ebooks/175 |
| 942 | _cEB | ||
| 999 |
_c229546 _d229546 |
||